[Event "CYCC U12 w"]
[Site "Quebec CAN"]
[Date "2018.07.03"]
[Round "4.102"]
[White "Beaulne, Ilianna"]
[Black "Liao, Jody"]
[Result "0-1"]
[WhiteElo "765"]
[BlackElo "957"]
[PlyCount "60"]
[EventDate "2018.07.02"]
[EventType "swiss"]
[EventRounds "7"]
[EventCountry "CAN"]

1. e4 e5 2. Bc4 Nf6 3. g4 Bc5 4. d4 Bxd4 5. g5 Nxe4 6. Qf3 Nd6 7. Bb3 b6 8. c4
Bc5 9. h4 Bb7 10. Qg3 Bxh1 11. Qxe5+ Qe7 12. Bf4 Qxe5+ 13. Bxe5 Rg8 14. Na3 Bb7
15. Rd1 Nc6 16. Bf4 O-O-O 17. Ba4 Rge8+ 18. Ne2 Nd4 19. g6 hxg6 20. b4 Bxb4+
21. Kf1 Nxe2 22. Nb1 Nxf4 23. Nd2 Bf3 24. Nxf3 Bc5 25. Bb3 Re2 26. Ra1 Rxf2+
27. Kg1 Rxa2+ 28. Kh1 Rxa1+ 29. Kh2 Re8 30. Bc2 Re2+ 0-1

[Event "CYCC U12 w"]
[Site "Quebec CAN"]
[Date "2018.07.03"]
[Round "4.103"]
[White "Gauthier, Annie"]
[Black "Boucher, Anne-Marie"]
[Result "0-1"]
[WhiteElo "842"]
[BlackElo "820"]
[PlyCount "50"]
[EventDate "2018.07.02"]
[EventType "swiss"]
[EventRounds "7"]
[EventCountry "CAN"]

1. f3 e5 2. c3 d5 3. d4 Nc6 4. e4 Nf6 5. Qd3 Be7 6. dxe5 Nxe5 7. Qd4 Nc6 8. Qf2
dxe4 9. Qd2 Bd7 10. Qe3 exf3 11. Qxf3 Bg4 12. Qd3 O-O 13. h3 Bf5 14. Qxf5 Re8
15. Qd3 Bc5+ 16. Be3 Rxe3+ 17. Qxe3 Bxe3 18. Ne2 Qe8 19. g4 Rd8 20. h4 Nxg4 21.
Bh3 Nf2 22. Rg1 Nxh3 23. Rg3 Qd7 24. Rxe3 Qf5 25. Na3 Qf2# 0-1

[Event "CYCC U12 w"]
[Site "Quebec CAN"]
[Date "2018.07.04"]
[Round "5.95"]
[White "Jiang, Kate"]
[Black "Tsukerman, Julia"]
[Result "0-1"]
[WhiteElo "1612"]
[BlackElo "1629"]
[PlyCount "110"]
[EventDate "2018.07.02"]
[EventType "swiss"]
[EventRounds "7"]
[EventCountry "CAN"]

1. e4 c5 2. c3 d5 3. exd5 Qxd5 4. Nf3 Nf6 5. d4 Bg4 6. Be2 e6 7. h3 Bh5 8. Bf4
Nc6 9. Na3 a6 10. Nc2 cxd4 11. cxd4 Bd6 12. Bxd6 Qxd6 13. O-O O-O 14. Qd3 Bg6
15. Qd2 Ne4 16. Qc1 Rac8 17. Qd1 Rfd8 18. Bd3 Nb4 19. Nxb4 Qxb4 20. Qe2 Nd6 21.
Bxg6 hxg6 22. a3 Qb6 23. Rfd1 Nf5 24. Qe4 Rc4 25. b3 Rc7 26. g4 Nd6 27. Qe3 Nb5
28. a4 Rc3 29. Rd3 Rxd3 30. Qxd3 Nxd4 31. Nxd4 Qxd4 32. Qxd4 Rxd4 33. Kf1 Rd3
34. Ke2 Rxh3 35. f3 Rh2+ 36. Kd3 Rb2 37. Kc4 Rf2 38. Kc5 Rxf3 39. Rb1 Rf4 40.
g5 Kf8 41. Rh1 a5 42. Kd6 Rd4+ 43. Kc7 f5 44. Kxb7 Rb4+ 45. Kc6 Rxb3 46. Re1
Ke7 47. Re5 Rc3+ 48. Kb5 Kd6 49. Re1 Rc5+ 50. Kb6 f4 51. Re2 f3 52. Rf2 Rf5 53.
Rd2+ Ke5 54. Kxa5 f2 55. Re2+ Kd6+ 0-1

[Event "CYCC U12 w"]
[Site "Quebec CAN"]
[Date "2018.07.04"]
[Round "5.96"]
[White "Qian, Jessica"]
[Black "Shen, Isamel"]
[Result "1-0"]
[WhiteElo "1257"]
[BlackElo "1490"]
[PlyCount "101"]
[EventDate "2018.07.02"]
[EventType "swiss"]
[EventRounds "7"]
[EventCountry "CAN"]

1. e4 e5 2. Nf3 Nc6 3. Bc4 Bc5 4. c3 Nf6 5. d4 Bb6 6. Bg5 d6 7. dxe5 Nxe5 8.
Nxe5 dxe5 9. Qxd8+ Kxd8 10. Bxf7 h6 11. Bxf6+ gxf6 12. O-O Ke7 13. Bc4 Rh7 14.
Kh1 Bg4 15. f3 Bh5 16. Na3 Rd8 17. Rad1 Rhh8 18. Nc2 c6 19. b4 Bg6 20. a4 a5
21. g4 Rhf8 22. Kg2 Bf7 23. Bxf7 Kxf7 24. Kg3 Ke6 25. Kh4 Kf7 26. Na1 axb4 27.
cxb4 Bd4 28. Nb3 Kg6 29. Kg3 Rg8 30. Nxd4 Rxd4 31. Rxd4 exd4 32. Rd1 Rd8 33.
Kf4 Rd7 34. h4 Rd8 35. e5 Rd5 36. e6 Kg7 37. Rd3 Kf8 38. Ke4 Ke7 39. Rxd4 Kxe6
40. Rxd5 cxd5+ 41. Kd4 Kd6 42. f4 Kc6 43. g5 hxg5 44. hxg5 Kd6 45. gxf6 Ke6 46.
f7 Kxf7 47. Kxd5 Ke7 48. Ke5 Ke8 49. Kf6 Kf8 50. f5 b6 51. a5 1-0

[Event "CYCC U12 w"]
[Site "Quebec CAN"]
[Date "2018.07.04"]
[Round "5.97"]
[White "He, Jiaqi"]
[Black "Surya, Dania"]
[Result "0-1"]
[WhiteElo "1283"]
[BlackElo "1211"]
[PlyCount "50"]
[EventDate "2018.07.02"]
[EventType "swiss"]
[EventRounds "7"]
[EventCountry "CAN"]

1. e4 d5 2. Nf3 dxe4 3. Ng5 Nf6 4. d3 h6 5. Nxe4 Nxe4 6. dxe4 Qxd1+ 7. Kxd1 e5
8. Nc3 Nc6 9. Bb5 Bd7 10. f4 O-O-O 11. Ke1 Bb4 12. Rf1 Bxc3+ 13. bxc3 Bg4 14.
Be3 Rd6 15. h3 Be6 16. a3 Rhd8 17. Ke2 a6 18. Ba4 Bc4+ 19. Kf2 Bxf1 20. Rxf1
exf4 21. Bxf4 Rf6 22. Ke2 g5 23. e5 Rxf4 24. Rxf4 gxf4 25. Bb3 Nxe5 0-1

[Event "CYCC U12 w"]
[Site "Quebec CAN"]
[Date "2018.07.04"]
[Round "5.98"]
[White "Wang, Rachel"]
[Black "Liao, Jody"]
[Result "1-0"]
[WhiteElo "1378"]
[BlackElo "957"]
[PlyCount "79"]
[EventDate "2018.07.02"]
[EventType "swiss"]
[EventRounds "7"]
[EventCountry "CAN"]

1. e4 e5 2. Nf3 Nc6 3. Nc3 Nf6 4. d4 exd4 5. Nxd4 Bb4 6. Nxc6 bxc6 7. Bd3 O-O
8. O-O d5 9. exd5 cxd5 10. Bg5 h6 11. Bxf6 Qxf6 12. Nxd5 Qd6 13. Nxb4 Qxb4 14.
Rb1 Re8 15. a3 Qd6 16. Bb5 Qxd1 17. Rbxd1 Rf8 18. Bc4 Bf5 19. Bb3 Rad8 20. h3
Rfe8 21. Rfe1 Rxd1 22. Rxd1 Kf8 23. Kf1 Be6 24. Re1 c6 25. Bxe6 Rxe6 26. Rxe6
fxe6 27. Ke2 Ke7 28. Kd3 Kd7 29. f4 g5 30. fxg5 hxg5 31. g3 a5 32. h4 gxh4 33.
gxh4 Ke7 34. Ke4 Kf6 35. h5 Kg5 36. Ke5 Kxh5 37. Kxe6 Kg4 38. Kd6 Kf4 39. Kxc6
Ke4 40. Kb5 1-0

[Event "CYCC U12 w"]
[Site "Quebec CAN"]
[Date "2018.07.04"]
[Round "5.99"]
[White "Gilani, Mysha"]
[Black "Pobereshnikova, Faina"]
[Result "1-0"]
[WhiteElo "1640"]
[BlackElo "1009"]
[PlyCount "97"]
[EventDate "2018.07.02"]
[EventType "swiss"]
[EventRounds "7"]
[EventCountry "CAN"]

1. d4 Nf6 2. c4 e6 3. Nc3 d5 4. cxd5 exd5 5. Bg5 Be6 6. Qb3 Nc6 7. e3 Rb8 8. a3
Be7 9. Bd3 h6 10. Bh4 Qd7 11. Nf3 Bf5 12. Bxf5 Qxf5 13. Bxf6 Bxf6 14. Nxd5 Qd7
15. Nxf6+ gxf6 16. Rc1 O-O 17. Qc4 Rfc8 18. Rd1 b5 19. Qc3 Qd5 20. O-O Qc4 21.
Rc1 Qxc3 22. Rxc3 Na5 23. d5 Nc4 24. Nd4 Rd8 25. Nc6 Rbc8 26. Ne7+ Kf8 27. Nxc8
Rxc8 28. b4 Rd8 29. e4 Re8 30. f3 Ra8 31. a4 Nd6 32. Rxc7 bxa4 33. Ra1 Nb5 34.
Rc5 Nd6 35. Rxa4 f5 36. e5 Nb7 37. Rc7 Nd8 38. Rcxa7 Rxa7 39. Rxa7 Kg7 40. Rd7
h5 41. Rxd8 f6 42. exf6+ Kxf6 43. Re8 h4 44. d6 f4 45. d7 Kf7 46. d8=Q h3 47.
Qe7+ Kg6 48. Rg8+ Kf5 49. Rg5# 1-0

[Event "CYCC U12 w"]
[Site "Quebec CAN"]
[Date "2018.07.04"]
[Round "5.100"]
[White "Mellon-Ruel, Clarelie"]
[Black "Liao, Yilin"]
[Result "0-1"]
[WhiteElo "1046"]
[BlackElo "1346"]
[PlyCount "56"]
[EventDate "2018.07.02"]
[EventType "swiss"]
[EventRounds "7"]
[EventCountry "CAN"]

1. d4 Nf6 2. Nf3 d5 3. e3 Bf5 4. Bd3 Bg6 5. O-O e6 6. Nbd2 c5 7. Re1 Bd6 8. e4
dxe4 9. Nxe4 Nxe4 10. Bxe4 Bxe4 11. Rxe4 Nc6 12. d5 Ne7 13. dxe6 Bxh2+ 14. Kxh2
Qxd1 15. exf7+ Kxf7 16. Ne5+ Ke8 17. Rc4 Qh5+ 18. Kg3 Qxe5+ 19. Bf4 Nf5+ 20.
Kf3 Qd5+ 21. Re4+ Kf7 22. g3 Rhe8 23. Rae1 Rxe4 24. Rxe4 Re8 25. c4 Qxe4+ 26.
Kg4 Nh6+ 27. Kh5 Qf5+ 28. Bg5 Qg4# 0-1

[Event "CYCC U12 w"]
[Site "Quebec CAN"]
[Date "2018.07.04"]
[Round "5.101"]
[White "Fan, Elaine"]
[Black "Boucher, Anne-Marie"]
[Result "1-0"]
[WhiteElo "1058"]
[BlackElo "820"]
[PlyCount "95"]
[EventDate "2018.07.02"]
[EventType "swiss"]
[EventRounds "7"]
[EventCountry "CAN"]

1. e4 e5 2. Nf3 Nc6 3. Bc4 Nf6 4. d3 Bc5 5. c3 O-O 6. a4 d5 7. exd5 Nxd5 8. b4
Be7 9. b5 Na5 10. Nxe5 Bf6 11. Bxd5 Bxe5 12. Bf3 Re8 13. O-O Bf5 14. d4 Bf6 15.
Nd2 Bd3 16. Re1 Qd6 17. Ba3 Qf4 18. Nb3 Rxe1+ 19. Qxe1 Nxb3 20. Rd1 Bc2 21.
Bxb7 Rb8 22. Bf3 Bxd1 23. Bxd1 Nc1 24. g3 Nd3 25. Qe2 Qf5 26. Bc2 Qh3 27. Bxd3
g6 28. Bc5 Rd8 29. Qa2 Re8 30. Qa1 Bg5 31. Qd1 Bh6 32. Bc4 Re4 33. Bd5 Re8 34.
Bxa7 Bg5 35. a5 Ra8 36. Bxa8 Qc8 37. Bg2 Qd7 38. c4 Qc8 39. b6 cxb6 40. axb6
Qxc4 41. b7 Qc7 42. b8=Q+ Qxb8 43. Bxb8 h6 44. Be5 f6 45. Qb3+ Kh8 46. Qb8+ Kh7
47. Bd5 fxe5 48. Qg8# 1-0

[Event "CYCC U12 w"]
[Site "Quebec CAN"]
[Date "2018.07.04"]
[Round "5.102"]
[White "Li, Mengbai"]
[Black "Vozian, Emilia"]
[Result "0-1"]
[WhiteElo "794"]
[BlackElo "1045"]
[PlyCount "102"]
[EventDate "2018.07.02"]
[EventType "swiss"]
[EventRounds "7"]
[EventCountry "CAN"]

1. e4 e5 2. Nf3 Nc6 3. Bc4 Nf6 4. Ng5 d5 5. exd5 Nxd5 6. Nxf7 Kxf7 7. Qf3+ Ke8
8. Bxd5 Qf6 9. Qxf6 gxf6 10. O-O Bd7 11. Nc3 Bc5 12. d3 Ke7 13. Re1 Nb4 14. Re2
c6 15. a3 Nxd5 16. Nxd5+ cxd5 17. c3 Rhg8 18. Kf1 e4 19. dxe4 Bb5 20. exd5+
Bxe2+ 21. Kxe2 Rxg2 22. Be3 Bxe3 23. Kxe3 Rxh2 24. Rd1 Rd8 25. b4 Rh3+ 26. Kd4
Rh5 27. Kc5 f5 28. d6+ Kd7 29. Kc4 Rh6 30. Kc5 b6+ 31. Kc4 Rxd6 32. Rh1 Rc8+
33. Kb3 Rh8 34. Rh5 f4 35. Rh4 h5 36. Rxf4 h4 37. Rg4 h3 38. Rg1 h2 39. Rh1 Rg6
40. a4 Rg1 41. Rxg1 hxg1=Q 42. f4 Qb1+ 43. Kc4 Rc8+ 44. Kd4 Qd1+ 45. Ke4 Re8+
46. Kf5 Qh5+ 47. Kf6 Rf8+ 48. Kg7 Qf7+ 49. Kh6 Rg8 50. f5 Qf6+ 51. Kh7 Qg7# 0-1

[Event "CYCC U12 w"]
[Site "Quebec CAN"]
[Date "2018.07.04"]
[Round "6.95"]
[White "Tsukerman, Julia"]
[Black "Qian, Jessica"]
[Result "0-1"]
[WhiteElo "1629"]
[BlackElo "1257"]
[PlyCount "70"]
[EventDate "2018.07.02"]
[EventType "swiss"]
[EventRounds "7"]
[EventCountry "CAN"]

1. e4 e5 2. Nf3 Nc6 3. b3 d6 4. Be2 Nf6 5. Nc3 Nd4 6. O-O Nxe2+ 7. Qxe2 Be7 8.
Bb2 O-O 9. Rad1 c5 10. a4 Nh5 11. Nd5 Nf6 12. Nxe7+ Qxe7 13. Rfe1 Bg4 14. h3
Bh5 15. c3 Rfd8 16. d4 b6 17. Qe3 Bg6 18. Nd2 Rac8 19. d5 a6 20. c4 Rb8 21. f4
exf4 22. Qxf4 Nd7 23. Nf3 f6 24. Rd2 Ne5 25. g4 b5 26. axb5 axb5 27. Nxe5 fxe5
28. Qe3 bxc4 29. bxc4 Rb4 30. Qc3 Rdb8 31. Re3 Qg5 32. Bc1 Rb1 33. Re1 Qh4 34.
Rde2 R1b3 35. Qd2 Rxh3 0-1

[Event "CYCC U12 w"]
[Site "Quebec CAN"]
[Date "2018.07.04"]
[Round "6.96"]
[White "Surya, Dania"]
[Black "Jiang, Kate"]
[Result "0-1"]
[WhiteElo "1211"]
[BlackElo "1612"]
[PlyCount "60"]
[EventDate "2018.07.02"]
[EventType "swiss"]
[EventRounds "7"]
[EventCountry "CAN"]

1. e4 e5 2. Nf3 Nc6 3. Bc4 Nf6 4. d3 Bc5 5. c3 d6 6. h3 h6 7. O-O O-O 8. Bb3
Be6 9. Bc2 d5 10. Qe2 Re8 11. Rd1 Qd7 12. d4 Bd6 13. exd5 Bxd5 14. c4 exd4 15.
Qd2 Bxf3 16. Re1 Rxe1+ 17. Qxe1 Re8 18. Qf1 Be2 19. Qe1 Bxc4 20. Qd1 Qe6 21.
Bd2 d3 22. Bb3 Bxb3 23. axb3 Qe5 24. g3 Bc5 25. Bc3 Qxg3+ 26. Kh1 Qxh3+ 27. Kg1
Ng4 28. Qxg4 Qxg4+ 29. Kf1 Qf3 30. Be1 Qh1# 0-1

[Event "CYCC U12 w"]
[Site "Quebec CAN"]
[Date "2018.07.04"]
[Round "6.97"]
[White "Shen, Isamel"]
[Black "Wang, Rachel"]
[Result "1-0"]
[WhiteElo "1490"]
[BlackElo "1378"]
[PlyCount "131"]
[EventDate "2018.07.02"]
[EventType "swiss"]
[EventRounds "7"]
[EventCountry "CAN"]

1. e4 c5 2. Nf3 Nc6 3. d4 cxd4 4. Nxd4 Nf6 5. Nc3 e5 6. Nb3 Bb4 7. f3 d5 8.
exd5 Nxd5 9. Bd2 Nxc3 10. Bxc3 Bxc3+ 11. bxc3 Qxd1+ 12. Rxd1 Be6 13. Bd3 O-O
14. O-O Ne7 15. Be4 Nf5 16. Rfe1 Rac8 17. Bxb7 Rxc3 18. Rd2 f6 19. Kf2 Rb8 20.
Be4 a5 21. Nxa5 Ra3 22. Nb3 Rxa2 23. Nc5 Nd4 24. Rxd4 exd4 25. Nxe6 Rb4 26. Rd1
Raa4 27. Bd5 Ra5 28. Bb3 Re5 29. Nxd4+ Kf8 30. Nc6 Rxb3 31. Rd8+ Re8 32. Rxe8+
Kxe8 33. cxb3 Kd7 34. Na5 Kc7 35. b4 Kb6 36. Ke3 Kb5 37. Kf4 Kxb4 38. Nc6+ Kc5
39. Ne7 Kc4 40. g4 Kd3 41. h4 Ke2 42. Kg3 Kf1 43. f4 Ke2 44. f5 Ke3 45. h5 Ke4
46. Nc6 Kd5 47. Nd8 Kd6 48. Ne6 Ke7 49. Nxg7 h6 50. Kf4 Kf7 51. Ne6 Ke7 52. Ke4
Ke8 53. Kd5 Ke7 54. Kc6 Ke8 55. Kd6 Kf7 56. Nf4 Kf8 57. Ke6 Kg7 58. Ng6 Kg8 59.
Kxf6 Kh7 60. Ke7 Kg7 61. f6+ Kg8 62. f7+ Kh7 63. Nf4 Kg7 64. f8=Q+ Kh7 65. Qf7+
Kh8 66. Ng6# 1-0

[Event "CYCC U12 w"]
[Site "Quebec CAN"]
[Date "2018.07.04"]
[Round "6.98"]
[White "Liao, Yilin"]
[Black "He, Jiaqi"]
[Result "1-0"]
[WhiteElo "1346"]
[BlackElo "1283"]
[PlyCount "167"]
[EventDate "2018.07.02"]
[EventType "swiss"]
[EventRounds "7"]
[EventCountry "CAN"]

1. e4 c5 2. c3 Nc6 3. d4 cxd4 4. cxd4 e6 5. Nf3 Nf6 6. Bg5 Qa5+ 7. Nc3 Nxe4 8.
Bd2 Nxd2 9. Qxd2 Bb4 10. Be2 Ne7 11. O-O Nd5 12. Rfc1 Bd6 13. Nxd5 Qxd5 14. Bc4
Qf5 15. Qg5 Qxg5 16. Nxg5 Bf4 17. Nf3 Bxc1 18. Rxc1 d5 19. Bb5+ Kf8 20. Rc7 f6
21. g4 a6 22. Bd3 g6 23. Kf1 Ke8 24. g5 Kd8 25. Rf7 fxg5 26. Nxg5 h6 27. Nf3 g5
28. Ne5 a5 29. Rf6 Ke8 30. Rf3 b6 31. Bb5+ Bd7 32. Bxd7+ Kd8 33. Bxe6 Kc7 34.
Bxd5 Rae8 35. Ke2 Kd6 36. Bb3 Rh7 37. Kd3 Kc7 38. Ng4 Rd8 39. Nf6 Rhh8 40. Nd5+
Kb7 41. a3 Rh7 42. Rf6 Rhd7 43. Rxb6+ Ka7 44. Rxh6 Rb7 45. Kc3 Rc8+ 46. Bc4 Rf8
47. Rf6 Rh8 48. Ra6+ Kb8 49. Rg6 Rh3+ 50. Ne3 Rxh2 51. Rxg5 Rxf2 52. Rg2 Rf3
53. Re2 Re7 54. Kd2 Re4 55. Kd3 Re8 56. d5 Kc7 57. Kd4 Rf4+ 58. Kc3 Rf3 59. Kd2
Re4 60. d6+ Kxd6 61. Bd5 Rd4+ 62. Kc2 Rxe3 63. Rxe3 Kxd5 64. Rd3 Kc4 65. Rxd4+
Kxd4 66. Kb3 Kc5 67. Ka4 Kb6 68. Kb3 Kb5 69. a4+ Kc5 70. Kc3 Kc6 71. Kc4 Kb6
72. b3 Kc6 73. Kd4 Kd6 74. Kc3 Kc5 75. Kb2 Kd4 76. Kc2 Kd5 77. Kd3 Kc5 78. Kc3
Kb6 79. Kd4 Kc6 80. Kc4 Kb6 81. Kd5 Kb7 82. Kc5 Ka6 83. Kc6 Ka7 84. Kb5 1-0

[Event "CYCC U12 w"]
[Site "Quebec CAN"]
[Date "2018.07.04"]
[Round "6.99"]
[White "Vozian, Emilia"]
[Black "Gilani, Mysha"]
[Result "0-1"]
[WhiteElo "1045"]
[BlackElo "1640"]
[PlyCount "164"]
[EventDate "2018.07.02"]
[EventType "swiss"]
[EventRounds "7"]
[EventCountry "CAN"]

1. e4 e5 2. d4 exd4 3. Nf3 Nc6 4. Bc4 Bc5 5. c3 Nf6 6. Bg5 h6 7. cxd4 Bxd4 8.
Nxd4 hxg5 9. Nxc6 bxc6 10. Nc3 Qe7 11. Bd3 Qe5 12. g3 d5 13. O-O d4 14. Na4 Qe6
15. f3 Qh3 16. Rf2 Nh5 17. Bf1 Qe6 18. Qxd4 O-O 19. Rc1 Nf6 20. Bc4 Qd6 21. Rd1
Qxd4 22. Rxd4 Re8 23. Rc2 g4 24. fxg4 Bxg4 25. Bd3 Rad8 26. Rxd8 Rxd8 27. Rxc6
Rxd3 28. Rxc7 Nxe4 29. Rxa7 Bh3 30. Nc3 Nxc3 31. bxc3 Rxc3 32. Kf2 Rc2+ 33. Kf3
Rxh2 34. a4 Ra2 35. Ke3 Ra3+ 36. Kf4 Bf1 37. a5 f6 38. g4 Be2 39. g5 Rf3+ 40.
Kg4 f5+ 41. Kh4 Rf4+ 42. Kg3 Rg4+ 43. Kf2 Bc4 44. a6 Bxa6 45. Rxa6 Rxg5 46. Ra5
Kh7 47. Kf3 g6 48. Kf4 Rh5 49. Kf3 Kh6 50. Ra6 Kg5 51. Ra5 Rh4 52. Kg3 Rb4 53.
Kf3 Re4 54. Kg3 Kf6 55. Kf3 g5 56. Ra6+ Re6 57. Ra4 g4+ 58. Kg3 Re3+ 59. Kf2
Re4 60. Ra6+ Kg5 61. Ra5 Kf4 62. Ra3 g3+ 63. Rxg3 Re2+ 64. Kxe2 Kxg3 65. Ke3
f4+ 66. Ke2 Kg2 67. Kd3 f3 68. Kd4 f2 69. Kd5 f1=Q 70. Ke5 Qf3 71. Kd4 Kf2 72.
Ke5 Qd3 73. Ke6 Qd4 74. Kf5 Qe3 75. Kf6 Qe4 76. Kg7 Qf5 77. Kh8 Qg5 78. Kh7 Kf3
79. Kh8 Kf4 80. Kh7 Kf5 81. Kh8 Kf6 82. Kh7 Qg7# 0-1

[Event "CYCC U12 w"]
[Site "Quebec CAN"]
[Date "2018.07.04"]
[Round "6.100"]
[White "Liao, Jody"]
[Black "Fan, Elaine"]
[Result "1-0"]
[WhiteElo "957"]
[BlackElo "1058"]
[PlyCount "149"]
[EventDate "2018.07.02"]
[EventType "swiss"]
[EventRounds "7"]
[EventCountry "CAN"]

1. e4 e5 2. Nf3 Nc6 3. Bc4 Bc5 4. c3 Nf6 5. d4 exd4 6. cxd4 Bb4+ 7. Nc3 Nxe4 8.
O-O Nxc3 9. bxc3 Bxc3 10. Qb3 Bxa1 11. Bxf7+ Kf8 12. Bg5 Ne7 13. Ne5 Bxd4 14.
Qf3 d6 15. Bg6+ Bf5 16. Bxf5 Nxf5 17. Qxf5+ Qf6 18. Nd7+ Ke7 19. Nxf6 gxf6 20.
Bh4 Be5 21. Re1 Kf7 22. Qd7+ Kg6 23. Qxc7 b6 24. Qb7 Rhg8 25. Qe4+ f5 26. Qe3
f4 27. Qd3+ Kh6 28. Be7 Rg6 29. Rc1 Rag8 30. g3 fxg3 31. hxg3 Bxg3 32. Kf1 Bh4
33. Qd2+ Bg5 34. Bxg5+ Rxg5 35. Qxd6+ R8g6 36. Qf4 Rg7 37. Rc6+ R7g6 38. Rxg6+
Kxg6 39. Qe4+ Kf6 40. Qxh7 Ra5 41. Qc2 Ke5 42. Qc4 Rc5 43. Qb4 Ra5 44. a4 Kf5
45. Ke2 Re5+ 46. Kf3 Ke6 47. Kg4 Rf5 48. Qe4+ Re5 49. Qg6+ Kd7 50. f4 Re7 51.
Kf5 Kd8 52. Kf6 Kd7 53. Qd3+ Ke8 54. Kg6 Re6+ 55. Kg7 Re7+ 56. Kg8 Rf7 57. Qe4+
Re7 58. Qg6+ Kd7 59. f5 Re8+ 60. Kh7 Re7+ 61. Kh6 Kc7 62. f6 Re6 63. Kg7 a6 64.
f7 Rxg6+ 65. Kxg6 b5 66. axb5 axb5 67. f8=Q b4 68. Qxb4 Kc8 69. Qe7 Kb8 70. Qd7
Ka8 71. Kf6 Kb8 72. Ke6 Ka8 73. Kd6 Kb8 74. Kc6 Ka8 75. Qb7# 1-0

[Event "CYCC U12 w"]
[Site "Quebec CAN"]
[Date "2018.07.04"]
[Round "6.101"]
[White "Pobereshnikova, Faina"]
[Black "Mellon-Ruel, Clarelie"]
[Result "1-0"]
[WhiteElo "1009"]
[BlackElo "1046"]
[PlyCount "67"]
[EventDate "2018.07.02"]
[EventType "swiss"]
[EventRounds "7"]
[EventCountry "CAN"]

1. e4 g6 2. d4 Bg7 3. Nf3 d6 4. Nc3 Nf6 5. Bc4 Nxe4 6. Bxf7+ Kxf7 7. Nxe4 e5 8.
d5 c6 9. Nfg5+ Ke8 10. Qf3 Rf8 11. Qa3 c5 12. Nf3 Nd7 13. Nxd6+ Ke7 14. Bg5+
Bf6 15. Ne4 b6 16. Qa4 Bb7 17. d6+ Ke6 18. Nxf6 Nxf6 19. O-O-O Qd7 20. Qh4 Ne4
21. Rhf1 Nxd6 22. Qg4+ Rf5 23. Rfe1 Bxf3 24. gxf3 h5 25. Qh3 Qa4 26. a3 e4 27.
Qg3 Re5 28. Bf4 h4 29. Qxg6+ Ke7 30. Qxd6+ Kf7 31. Bxe5 Kg8 32. Rxe4 Qe8 33.
Rg1+ Kf7 34. Qf6# 1-0

[Event "CYCC U12 w"]
[Site "Quebec CAN"]
[Date "2018.07.04"]
[Round "6.103"]
[White "Boucher, Anne-Marie"]
[Black "Beaulne, Ilianna"]
[Result "1-0"]
[WhiteElo "820"]
[BlackElo "765"]
[PlyCount "33"]
[EventDate "2018.07.02"]
[EventType "swiss"]
[EventRounds "7"]
[EventCountry "CAN"]

1. e4 e5 2. Nf3 g5 3. Nxe5 Qe7 4. d4 h5 5. Nc3 f6 6. Ng6 Qg7 7. Nxh8 Qxh8 8.
Bc4 d5 9. Bxd5 f5 10. Bxg5 a5 11. O-O Qg7 12. Qxh5+ Kd7 13. exf5 Qxd4 14. Qf7+
Kd6 15. Qxf8+ Kd7 16. Qxg8 Nc6 17. Qe6# 1-0

[Event "CYCC U12 w"]
[Site "Quebec CAN"]
[Date "2018.07.05"]
[Round "7.95"]
[White "Qian, Jessica"]
[Black "Surya, Dania"]
[Result "1-0"]
[WhiteElo "1257"]
[BlackElo "1211"]
[PlyCount "97"]
[EventDate "2018.07.02"]
[EventType "swiss"]
[EventRounds "7"]
[EventCountry "CAN"]

1. e4 d5 2. exd5 Qxd5 3. Nc3 Qa5 4. Nf3 Bg4 5. h3 Bh5 6. Bb5+ c6 7. Be2 Nd7 8.
d4 O-O-O 9. a3 Qc7 10. Ng5 Bxe2 11. Qxe2 Nh6 12. O-O Re8 13. d5 Nf6 14. dxc6
Qxc6 15. Qb5 Qxb5 16. Nxb5 a6 17. Nc3 Rd8 18. Bf4 e6 19. Rad1 Be7 20. g4 Rxd1
21. Rxd1 Rd8 22. Rxd8+ Kxd8 23. Nf3 Nd5 24. Nxd5 exd5 25. Ng5 Ke8 26. Kf1 Bxg5
27. Bxg5 Kd7 28. Ke2 Ke6 29. Ke3 f5 30. Bxh6 gxh6 31. gxf5+ Kxf5 32. Kd4 Kf4
33. Kxd5 Kf3 34. Ke5 Kxf2 35. Kf4 Kg2 36. h4 Kh3 37. c4 Kxh4 38. b4 h5 39. a4
Kh3 40. b5 axb5 41. axb5 h4 42. Kf3 Kh2 43. Kf2 Kh1 44. c5 h3 45. c6 bxc6 46.
bxc6 h2 47. c7 h5 48. c8=Q h4 49. Qc1# 1-0

[Event "CYCC U12 w"]
[Site "Quebec CAN"]
[Date "2018.07.05"]
[Round "7.96"]
[White "Shen, Isamel"]
[Black "Tsukerman, Julia"]
[Result "0-1"]
[WhiteElo "1490"]
[BlackElo "1629"]
[PlyCount "42"]
[EventDate "2018.07.02"]
[EventType "swiss"]
[EventRounds "7"]
[EventCountry "CAN"]

1. e4 c5 2. Nf3 d6 3. d4 cxd4 4. Nxd4 Nf6 5. Nc3 a6 6. Be2 e5 7. Nb3 Be6 8. O-O
Be7 9. f4 exf4 10. Bxf4 Nc6 11. Qe1 O-O 12. Rd1 Qc7 13. Qg3 Ne5 14. Bg5 Kh8 15.
Bf4 b5 16. Bxe5 dxe5 17. a3 b4 18. axb4 Bxb4 19. Nd2 Rfc8 20. Ndb1 Qb6+ 21. Qf2
Bc5 0-1

[Event "CYCC U12 w"]
[Site "Quebec CAN"]
[Date "2018.07.05"]
[Round "7.97"]
[White "Jiang, Kate"]
[Black "Liao, Yilin"]
[Result "1/2-1/2"]
[WhiteElo "1612"]
[BlackElo "1346"]
[PlyCount "90"]
[EventDate "2018.07.02"]
[EventType "swiss"]
[EventRounds "7"]
[EventCountry "CAN"]

1. e4 d5 2. exd5 Qxd5 3. Nc3 Qa5 4. d4 Nf6 5. Nf3 Bf5 6. Bc4 e6 7. a3 c6 8. Be3
Bd6 9. h3 Nbd7 10. O-O O-O 11. Re1 Qc7 12. Qe2 Rfe8 13. Rad1 Rad8 14. Bd3 Bxd3
15. Qxd3 h6 16. Qd2 Nh7 17. Ne4 Ndf6 18. Nxf6+ Nxf6 19. Kh1 Nd5 20. c4 Nxe3 21.
Qxe3 Qd7 22. Ne5 Qe7 23. b4 Bxe5 24. Qxe5 Qd6 25. Qh5 Qf4 26. Qc5 b6 27. Qxc6
Qxf2 28. d5 Rc8 29. Qd7 Red8 30. Qxa7 exd5 31. Rf1 Ra8 32. Qe7 Qc2 33. Qxf7+
Kh8 34. Rxd5 Rdc8 35. Qb7 Qxc4 36. Rfd1 Rxa3 37. Qxb6 Rb3 38. Rd8+ Rxd8 39.
Qxd8+ Kh7 40. Qf8 Qg8 41. Qf5+ Kh8 42. Qa5 Kh7 43. Qf5+ Kh8 44. Qa5 Kh7 45.
Qf5+ Kh8 1/2-1/2

[Event "CYCC U12 w"]
[Site "Quebec CAN"]
[Date "2018.07.05"]
[Round "7.98"]
[White "Gilani, Mysha"]
[Black "Wang, Rachel"]
[Result "1-0"]
[WhiteElo "1640"]
[BlackElo "1378"]
[PlyCount "63"]
[EventDate "2018.07.02"]
[EventType "swiss"]
[EventRounds "7"]
[EventCountry "CAN"]

1. d4 d5 2. c4 dxc4 3. e4 e5 4. d5 Nf6 5. Nc3 Bb4 6. Qa4+ Nc6 7. dxc6 Bxc3+ 8.
bxc3 bxc6 9. Qxc6+ Bd7 10. Qxc4 Rb8 11. Qc5 Be6 12. Qxe5 O-O 13. Bg5 Rb2 14. c4
Rc2 15. Nf3 Qe7 16. Bd3 Qb4+ 17. Bd2 Rxd2 18. Nxd2 Rd8 19. Ke2 Qa3 20. Nb3 Qe7
21. Qc5 Qd7 22. Rhd1 Ra8 23. e5 Qe8 24. exf6 Bg4+ 25. Kf1 Bxd1 26. Rxd1 gxf6
27. Qf5 Kf8 28. Qxh7 Qc6 29. Re1 Qe6 30. Rxe6 fxe6 31. Bg6 c6 32. Qf7# 1-0

[Event "CYCC U12 w"]
[Site "Quebec CAN"]
[Date "2018.07.05"]
[Round "7.99"]
[White "He, Jiaqi"]
[Black "Pobereshnikova, Faina"]
[Result "1-0"]
[WhiteElo "1283"]
[BlackElo "1009"]
[PlyCount "109"]
[EventDate "2018.07.02"]
[EventType "swiss"]
[EventRounds "7"]
[EventCountry "CAN"]

1. e4 e5 2. Nf3 Nc6 3. Nc3 Bc5 4. Bb5 d6 5. d3 Bd7 6. Bg5 f6 7. Be3 Bxe3 8.
fxe3 Nge7 9. O-O Nc8 10. a3 Nb6 11. d4 exd4 12. exd4 a6 13. Bd3 Bg4 14. Be2 O-O
15. Qd2 Ne7 16. Qf4 Bd7 17. a4 Ng6 18. Qg3 a5 19. Nb5 Be8 20. d5 Bxb5 21. Bxb5
Qe7 22. Rae1 Nd7 23. Nd4 Nde5 24. Ne6 Rfc8 25. h4 c6 26. Bd3 Nxd3 27. cxd3 Nf8
28. Nd4 Qe5 29. Qe3 cxd5 30. Rf5 Qe8 31. Nb5 Rc6 32. Rxd5 Qd7 33. Qg3 Rc2 34.
Rxd6 Qf7 35. Rf1 Qg6 36. Qxg6 Nxg6 37. h5 Ne5 38. Rf2 Rac8 39. Rxc2 Rxc2 40.
Rd8+ Kf7 41. d4 Rc1+ 42. Kh2 Ng4+ 43. Kg3 Ne3 44. Rd7+ Ke8 45. Rxb7 Nf1+ 46.
Kf2 Nd2 47. Nd6+ Kd8 48. Rxg7 Ra1 49. Rxh7 Rxa4 50. Ke3 Nc4+ 51. Nxc4 Rxc4 52.
Ra7 a4 53. h6 Ke8 54. h7 Kf8 55. h8=Q# 1-0